banner-ar

من البقر الى الايس كريم : (Record no. 61281)

MARC details
000 -الفاتح
حقل البيانات ثابتة الطول 01111nam a22002777a 4500
005 - وقت وتاريخ اخر تعامل مع التسجيلة
رقم الضبط 20240530110452.0
008 - عناصر البيانات ثابتة الطول - معلومات عامة
حقل البيانات ثابتة الطول 150219s2006 ua od a 001 0 ara d
017 ## - رقم الايداع القانونى
رقم الايداع القانونى 18769/2006
المصدر ( الهيئة المختصة) مصر . دار الكتب المصرية
020 ## - الرقم الدولى المعيارى للكتب
الرقم الدولى المعيارى للكتاب 9771436309
040 ## - مصدر الفهرسة
وكالة الفهرسة الأصلية EG-CaGPL
041 0# - رمز اللغة
رمز لغة النص/ المسارات الصوتية أو العنوان الانفرادي ara
082 04 - رقم تصنيف ديوى العشرى
رقم الطبعة 21
رقم التصنيف 637.4
رقم المادة ط/ت ن
100 1# - المدخل الرئيسى - إسم شخصى
الإسم الشخصى توماس ، ستيفن
الدور ستيفن توماس
245 10 - بيان العنوان
العنوان من البقر الى الايس كريم :
بقية العنوان الامداد بالسلع /
بيان المسئوليه,etc تاليف ستيفن توماس ؛ ترجمة مجدى غنيم ؛ اشراف داليا محمد ابراهيم
250 ## - بيان الطبعة
بيان الطبعة ط1
260 ## - PUBLICATION, DISTRIBUTION, ETC. (IMPRINT)
تاريخ النشر أو التوزيع 2006
300 ## - الوصف المادى
التعداد 32 ص :
تفاصيل ماديه اخرى للوعاء ايض ؛
أبعاد الوعاء 25 سم
490 0# - بيان السلسلة
عنوان السلسلة ناشيونال جيوجرافيك
650 04 - المدخل الاضافى بالموضوع-مصطلح موضوعى
مصطلح موضوعي الجيلاتى
التقسيم الفرعي العام صناعة وتجارة
650 04 - المدخل الاضافى بالموضوع-مصطلح موضوعى
مصطلح موضوعي الحلوى
650 04 - المدخل الاضافى بالموضوع-مصطلح موضوعى
مصطلح موضوعي المثلجات
700 0# - المدخل الاضافى - اسم شخصى
الإسم الشخصى مجدى غنيم
الدور مترجم
700 0# - المدخل الاضافى - اسم شخصى
الإسم الشخصى داليا محمد ابراهيم
الدور مشرف
942 ## - عناصر المدخل الإضافي( كوها)
مصدر التصنيف او مخطط الترفيف Dewey Decimal Classification
Koha [default] item type كتاب
260 ## - PUBLICATION, DISTRIBUTION, ETC. (IMPRINT)
-- القاهرة :
-- نهضة مصر للطباعة والنشر والتوزيع ،
Holdings
حالة التراجع حالة الفقد حالة تلف ليس للاعارة المكان المؤقت الموقع الحالى تاريخ الاكتساب اجمالي اﻻعارات رقم الطلب الباركود تاريخ اخر مشاهدة تاريخ تفعيل السعر نوع وعاء كوها
        مكتبة القاهرة الكبرى مكتبة القاهرة الكبرى 05/16/2015   637.4 ط/ت ن 160539 05/16/2015 05/16/2015 كتاب

Powered By

EGPV